| 000 | 00604nam a2200205Ia 4500 | ||
|---|---|---|---|
| 003 | IN-BaIIA | ||
| 008 | 211028s9999 xx 000 0 eng d | ||
| 020 | _a81-7371-084-8 | ||
| 040 | _cIIA Library | ||
| 080 |
_a523.31 _bBAK |
||
| 100 |
_aBaker, D. James _921626 |
||
| 245 | 0 |
_aPlanet earth _bthe view from space _cD James Baker |
|
| 260 |
_aHyderabad _bUniversities Press _c1997 |
||
| 300 | _aviii, 191p. | ||
| 490 | _aFrontiers of space | ||
| 650 |
_aAstronautics in astronomy _921627 |
||
| 650 | _aEarth | ||
| 650 |
_aPlanet earth _93284 |
||
| 942 | _cBK | ||
| 999 |
_c12368 _d12368 |
||